ბათუმის შოთა რუსთაველის სახელმწიფო უნივერსიტეტის ბიბლიოთეკა

ადგილობრივი მეურნეობის განვითარება აჭარის ასსრ-ში : (ბიბ.ჩანაწერი № 63515)

000 -ლიდერი
ფიქსირებული სიგრძის საკონტროლო ველი 01711nam a22002057a 4500
003 - საკონტროლო ნომრის იდენტიფიკატორი
საკონტროლო ველი Ge_BSU
005 - ბოლო ოპერაციის თარიღი და დრო
საკონტროლო ველი 20251021210446.0
008 - ფიქსირებული სიგრძის მონაცემთა ელემენტები - ზოგადი ინფორმაცია
ფიქსირებული სიგრძის საკონტროლო ველი 251021s1985 ge ||||| |||| 00| 0 geo d
041 ## - ენის კოდი
Language code of text/sound track or separate title geo
080 ## - უნივერსალური ათობითი კლასიფიკაციის ინდექსი
Universal Decimal Classification number 330(479.223) ა-27
245 ## - ცნობა სათაურის შესახებ
Title ადგილობრივი მეურნეობის განვითარება აჭარის ასსრ-ში :
Remainder of title VI /
Statement of responsibility, etc რედაქტორი: კონსტანტინე ღლონტი; საქართველოს სსრ მეცნიერებათა აკადემია. ბათუმის ნ. ბერძენიშვილის სახელობის სამეცნიერო-კვლევითი ინსტიტუტი.
264 ## - წარმოების, გამოცემის, დისტრიბუციის და სხვა ცნობები
გამოცემის, წარმოების, დისტრიბუციის... ადგილი თბილისი :
გამოცემის, წარმოების, დისტრიბუციის... სახელწოდება მეცნიერება,
გამოცემის, წარმოების, დისტრიბუციის... თარიღი 1987.
300 ## - ფიზიკური აღწერა
Extent 96 გვ.;
Other physical details 20 სმ.
520 ## - SUMMARY, ETC.
Summary, etc სტატიების ბოლოს რეზიუმე რუს. ენაზე.
653 ## - INDEX TERM--UNCONTROLLED
Uncontrolled term ადგილობრივი მეურნეობის განვითარება აჭარის ასსრ-ში
653 ## - INDEX TERM--UNCONTROLLED
Uncontrolled term აჭარის სოციალურ-ეკონომიკური პრობლემები
700 ## - ADDED ENTRY--PERSONAL NAME
Personal name ღლონტი, კონსტანტინე
Relator term რედაქტორი
9 (RLIN) 25875
710 ## - ADDED ENTRY--CORPORATE NAME
Corporate name or jurisdiction name as entry element საქართველოს სსრ მეცნიერებათა აკადემია.
Subordinate unit ბათუმის ნ. ბერძენიშვილის სახელობის სამეცნიერო-კვლევითი ინსტიტუტი.
9 (RLIN) 26096
942 ## - ADDED ENTRY ELEMENTS (KOHA)
Source of classification or shelving scheme
Koha item type წიგნი
ეგზემპლარები
ჩამოწერის სტატუსი დაკარგული ეგზემპლარის სტატუსი კლასიფიკაციის წყარო ან თაროზე გაწყობის სქემა დაზიანების სტატუსი არ გაიცემა მუდმივი მდებარეობა (დაცვის ადგილი) ამჟამინდელი ადგილსამყოფელი თაროზე განთავსების ადგილი შეძენის თარიღი ღირებულება, შესყიდვის ნორმალური ფასი სრული შენახვის შიფრი შტრიხკოდი ბოლო ოპერაციის თარიღი ეგზემპლარის მიმდევრობითი ნომერი (კეტერი?) ფასის ძალაში შესვლის თარიღი ეგზემპლარის სახეობა საჯარო შენიშვნა
          ბათუმის შოთა რუსთაველის სახელმწიფო უნივერსიტეტის მთავარი ბიბლიოთეკა ბათუმის შოთა რუსთაველის სახელმწიფო უნივერსიტეტის მთავარი ბიბლიოთეკა წიგნსაცავი 2025-10-21 1.80 330(479.223) ა-27 72775 2025-10-21 72775 2025-10-21 წიგნი 1 ლ. 80 თ.